|
|
|
|
| LEADER |
00830nab a2200169 i 4500 |
| 001 |
univ55337 |
| 005 |
20200917114443.0 |
| 008 |
200917s2020 hu o 0|| zxx d |
| 040 |
|
|
|a SZTE UnivHistória Repozitórium
|b hun
|
| 041 |
|
|
|a zxx
|
| 100 |
1 |
|
|a Sándor Judit
|
| 245 |
1 |
0 |
|a Elsőéves hallgatók tettek esküt a Dugonics téren
|h [elektronikus dokumentum] /
|c Sándor Judit
|
| 260 |
|
|
|c 2020-09-16
|
| 490 |
0 |
|
|a SzegedMa.hu
|
| 561 |
|
|
|a Egyetemi hirarchívum
|
| 695 |
|
|
|a Egyetemi hallgatók - elsőévesek - gólyák, Tanévkezdés - tanévnyitó flashmob rendezvény - eskütétel, Szoborkoszorúzás - Szent-Györgyi Albert, Rektori Épület - Dugonics tér
|
| 856 |
4 |
0 |
|u http://univ.bibl.u-szeged.hu/55337/1/Els%C5%91%C3%A9ves%20hallgat%C3%B3k%20tettek%20esk%C3%BCt%20a%20Dugonics%20t%C3%A9ren%20_%20Szeged%20Ma.pdf
|z Dokumentum-elérés
|